| 000 | 00470nam a22001697a 4500 | ||
|---|---|---|---|
| 003 | BD-ChCU | ||
| 005 | 20251209110124.0 | ||
| 008 | 251209b bg ||||| |||| 00| 0 ben d | ||
| 040 | _cBD-ChCU | ||
| 082 | _a330.19355 STE | ||
| 100 |
_aSteiner , George A . ed. _917773 |
||
| 245 |
_aEconomics problems of war ./ _cA. George , Steiner . |
||
| 260 |
_aNew York : _bWiley , _cC 1942 |
||
| 300 | _aV.P. | ||
| 650 | 0 |
_aWar - Economic Aspects . _917775 |
|
| 942 |
_2ddc _cBK _n0 |
||
| 999 |
_c110265 _d110265 |
||